Statistics for Modern-Day Countries Occupied And Allied by Hitler

Click here to take the quiz!

General Stats

  • This quiz has been taken 354 times
  • The average score is 31 of 32

Answers on the Map

Answers color-coded by a green-red scale on the quiz's map according to % correct below.
 

Answer Stats

Answer% Correct
Norway
99%
Russia
99%
Denmark
98%
France
98%
Germany
98%
Italy
98%
Italy
98%
Poland
98%
Ukraine
98%
Austria
97%
Belarus
97%
Belgium
97%
Czech Republic
97%
Estonia
97%
Latvia
97%
Netherlands
97%
Greece
96%
Hungary
96%
Lithuania
96%
Romania
96%
Slovakia
96%
Moldova
95%
Croatia
94%
Luxembourg
94%
Serbia
94%
Slovenia
94%
Albania
93%
Bosnia and Herzegovina
93%
Bulgaria
93%
North Macedonia
93%
Kosovo
92%
Montenegro
91%

Score Distribution

Percentile by Number Answered

Percent of People with Each Score

Your Score History

You have not taken this quiz